000 00847nam a22002417a 4500
005 20140313100411.0
008 140110b xxu||||| |||| 00| 0 eng d
020 _a9780415651110
050 _aHD 42
_b.P974 2012
245 _aThe psychology of conflict and conflict management in organizations /
_cCarsten K. W. De Dreu, Michele J. Gelfand.
260 _aHove :
_bPsychology Press,
_c2012
300 _axxii, 484 p. :
_bill. ;
_c24 cm.
440 _aOrganizational frontiers series.
504 _aIncludes Bibliographic References and Index.
521 _aPSYCH
650 _aConflict management.
650 _aConflict management
_xPsychological aspects.
650 _aPsychology, Industrial.
700 _aDe Dreu, Carsten K. W.
_eeditor.
700 _aGelfand, Michele J.
_eeditor.
942 _2lcc
_cBK
_kFOR
999 _c26020
_d26020